000 00343nam a2200145 i 4500
001 bgj
100 1 _aBICHSEL, Peter.
245 1 0 _aZur Stadt Paris :
_bGeschichten /
_cPeter Bichsel
650 9 _aPowieść niemiecka
040 _cBPK
041 _ager
080 _a821.112.2-3
942 _cKS
008 s gw f |000 0 ger
999 _c49503
_d49503
856 _uhttp://koha.tu.koszalin.pl/cgi-bin/koha/opac-detail.pl?biblionumber=49503
_yKatalog online BPK